| 000 | 01084nam a2200301 4500 | ||
|---|---|---|---|
| 001 | 0000013095 | ||
| 003 | CO-CtgCURN | ||
| 005 | 20250331184729.0 | ||
| 007 | ta | ||
| 008 | 160627s1985 000 0 eng d | ||
| 020 | _a8420665088 | ||
| 040 |
_aCO-CtgCURN _bspa _ccoctgcurn |
||
| 082 | 0 |
_a468.4 _bC76p |
|
| 100 | 1 | _aCrowder G., Robert. | |
| 245 | 1 | 0 |
_aPsicologĂa de la lectura / _cRobert G. Crowder. |
| 260 |
_aMadrid : _bAlianza Editorial, _c1985. |
||
| 300 | _a219 p. | ||
| 336 | _2rdacontent | ||
| 337 |
_2rdamedia _asin mediacion _bn |
||
| 338 |
_2rdacarrier _avolumen _bnc |
||
| 500 | _aIncluye indice. | ||
| 504 | _aBibliografia (p. 209-215) | ||
| 505 | 8 | _aMovimientos oculares.--Lectura rapida.--Reconocimiento de patrones.--Percepcion de palabras.--Palabra en su contexto.--Comprension.--Escritura.--Ortografia.--Papel del habla en la lectura.--Aprender a leer.--Problema de la dislexia | |
| 650 | 1 | 4 |
_aLectura _vMetodologĂa. |
| 908 | _a160627 | ||
| 942 |
_cBK _h468.4 _iC76p _2ddc |
||
| 999 |
_c20672 _d20672 |
||